Ticos... ayer y hoy (Registro nro. 5246)
[ vista simple ]
| 000 -LEADER | |
|---|---|
| fixed length control field | 00605ngm a22002177a 4500 |
| 005 - DATE AND TIME OF LATEST TRANSACTION | |
| control field | 20220614150642.0 |
| 008 - FIXED-LENGTH DATA ELEMENTS--GENERAL INFORMATION | |
| fixed length control field | 150507b xxu||||| |||| 00| 0 spa d |
| 041 ## - LANGUAGE CODE | |
| Language code of text/sound track or separate title | spa |
| 082 ## - CLASIFICACIÓN | |
| Clasificación | 352 DVD |
| 100 ## - AUTOR | |
| Autor | Guzmán Murillo, Gerardo |
| 245 ## - TÍTULO | |
| Title | Ticos... ayer y hoy |
| 260 ## - PUBLICATION, DISTRIBUTION, ETC. (IMPRINT) | |
| Place of publication | Costa Rica |
| 260 ## - PUBLICATION, DISTRIBUTION, ETC. (IMPRINT) | |
| Name of publisher | UNED |
| 260 ## - PUBLICATION, DISTRIBUTION, ETC. (IMPRINT) | |
| Year of publication | 2005 |
| 300 ## - PHYSICAL DESCRIPTION | |
| Number of Pages | 23 minutos |
| 500 ## - GENERAL NOTE | |
| General note | Poesía costarricense, dichos y refranes costarricenses de la Costa Rica de ayer y de la de hoy |
| 650 ## - SUBJECT ADDED ENTRY--TOPICAL TERM | |
| Topical Term | COSTA RICA |
| 650 ## - SUBJECT ADDED ENTRY--TOPICAL TERM | |
| Topical Term | POESÍAS COSTUMBRISTAS |
| 650 ## - SUBJECT ADDED ENTRY--TOPICAL TERM | |
| Topical Term | TRADICIONES |
| 942 ## - ADDED ENTRY ELEMENTS (KOHA) | |
| Koha item type | DVD |
| Withdrawn status | Lost status | Damaged status | Not for loan | Home library | Current library | Date acquired | Total Checkouts | Full call number | Accession Number | Date last seen | Price effective from | Koha item type |
|---|---|---|---|---|---|---|---|---|---|---|---|---|
| Departamento de Biblioteca y Documentación Alfonso Chase Brenes | Departamento de Biblioteca y Documentación Alfonso Chase Brenes | 24/02/2017 | 352 DVD | 352DVD | 24/02/2017 | 24/02/2017 | DVD |